000 01444nam a2200241Ia 4500
003 OSt
005 20260128093115.0
007 ca aa aaaaa
008 201103s9999 xx 000 0 und d
040 _cSSBUL
041 _abur
082 _223
_a၂၉၄.၃၄၃၅၀၉ မြတ်
_b၁၃၇၃၅ S-KZN
100 0 _a မြတ်သွင်၊ ဦး၊ ဆရာ
_917330
245 1 0 _aပုဂံမြို့ရှိ ထင်ရှားကြီးကျယ်သောဘုရားကြီး(၂၇)ဆူ၏သမိုင်းနှင့် ဘုရားဖူးလမ်းညွှန်စာတမ်း /
_cဆရာဦးမြတ်သွင်၊ တည်းဖြတ်သူ မွန်ပဏ္ဍိတ်ဦးချစ်သိန်း။
260 _aမန္တလေး ၊
_bမောင်ထွန်းဘေစာပုံနှိပ်တိုက်၊
_c၁၉၆၉။
300 _aဇ၊ ၁၂၁ စာမျက်နှာ ၊
_bမြေပုံ၊
_c၁၈ စင်တီ။
500 _aS-KZN: Prof. Kyaw Zaw Naing
500 _a S-SAT: Dr. Prof Sai Aung Tun
650 _aဘုရားသမိုင်း
_zပုဂံ
_952773
650 _aစေတီပုထိုး
_zပုဂံမြို့
_952774
700 _aချစ်သိန်း၊ ဦး၊ မွန်ပဏ္ဍိတ်
_eတည်းဖြတ်သူ
_952775
942 _2ddc
_cBK1
999 _c16715
_d16715